Camino comunitario
Wedi'i Gadw mewn:
| Fformat: | Llyfr |
|---|---|
| Iaith: | Sbaeneg |
| Cyhoeddwyd: |
Santiago
ISPAJ
1988
|
| Pynciau: | |
| Tagiau: |
Ychwanegu Tag
Dim Tagiau, Byddwch y cyntaf i dagio'r cofnod hwn!
|
MARC
| LEADER | 00000nam a2200000 a 4500 | ||
|---|---|---|---|
| 001 | UCW9912 | ||
| 003 | CL-VaPUC | ||
| 008 | 890706e19880000CL |||||||||||||||||spa|d | ||
| 082 | 0 | 4 | |a 259 |b CAM |2 21 |
| 245 | 1 | 0 | |a Camino comunitario |
| 300 | |a 21 p | ||
| 942 | |c BK | ||
| 945 | |d 19890706 00:00:00 | ||
| 260 | |a Santiago |b ISPAJ |c 1988 | ||
| 650 | 7 | |a COMUNIDADES CRISTIANAS |2 CL-VaPUC |9 315391 | |
| 650 | 7 | |a COMUNIDADES ECLESIASTICAS DE BASE |2 CL-VaPUC |9 315392 | |
| 583 | |a last modification |c 19890706 00:00:00 |k Rodrigo Vera | ||
| 999 | |c 221753 |d 221751 | ||
| 952 | |0 0 |1 0 |4 0 |6 259_000000000000000_CAM_1988 |7 0 |8 A |9 215591 |a BIBTEO |b BIBTEO |d 2019-11-15 |i 2839741 |o 259 CAM 1988 |p 2839741 |r 2025-01-17 |w 2019-11-15 |y BK |k ICR | ||
| 952 | |0 0 |1 0 |4 0 |6 259_000000000000000_CAM_1988 |7 0 |8 A |9 215592 |a BIBTEO |b BIBTEO |d 2019-11-15 |i 3108813 |o 259 CAM 1988 |p 3108813 |r 2025-01-17 |w 2019-11-15 |y BK |k ICR | ||